Statistics for 2012-13 Premier League Final Table

Click here to take the quiz!

General Stats

  • This quiz has been taken 8 times
  • The average score is 12 of 20

Answer Stats

PositionTeamWonDrewLostGF/GAGDPoints% Correct
4Arsenal2110772/373573
100%
3Chelsea229775/393675
100%
2Manchester City239666/343278
100%
1Manchester United285586/434389
100%
5Tottenham Hotspur219866/462072
100%
6Everton1615755/401563
83%
12Fulham11101750/60-1043
67%
7Liverpool1613971/432861
67%
8West Bromwich Albion1471753/57-449
67%
15Aston Villa10111747/69-2241
50%
16Newcastle United1181945/68-2341
50%
20Queens Park Rangers4132130/60-3025
50%
14Southampton9141549/60-1141
50%
17Sunderland9121741/54-1339
50%
10West Ham United12101645/53-846
50%
11Norwich City10141441/58-1744
33%
19Reading6102243/73-3028
17%
13Stoke City9151434/45-1142
17%
9Swansea City11131447/51-446
17%
18Wigan Athletic992047/73-2636
17%

Score Distribution

Percentile by Number Answered

Percent of People with Each Score

Your Score History

You have not taken this quiz